000 00305nam a22001337a 4500
008 170607b xxu||||| |||| 00| 0 eng d
020 _a9780674686069
041 _aeng
080 _a32
100 _a18
101 _aSHP
245 _aPOLITICAL ETHICS AND PUBLIC OFFICE
_cTHOMPSON,D.F
942 _2udc
_cBK
999 _c16256
_d16256